| 000 | 00976nam a2200289Ia 4500 | ||
|---|---|---|---|
| 001 | H5770 | ||
| 003 | IT-RoPAU | ||
| 008 | 130308s9999 xx 000 0 und d | ||
| 040 | _aIT-RoPAU | ||
| 040 | _cIT-RoPAU | ||
| 041 | _aITALIANO | ||
| 100 | _aChiodi Ennio | ||
| 100 | _gCodice Aut. SPICS: 58113 | ||
| 245 | _aTelegiornale regionale (Il). Raccontare il proprio villaggio | ||
| 245 | _bSpeciale Tg. forme e Tecniche del Giornalismo Televisivo | ||
| 250 | _a4a ed. | ||
| 260 | _aNOVARA | ||
| 260 | _bInterlinea | ||
| 260 | _c2005 [1° Ed.:1997 - Ed.Ling.Originale:1997] | ||
| 300 | _a"9 p. (prefazione: no ; testo: 9 [pagine: 197-205])" | ||
| 500 | _aRete Permanente Giornalisti. Consumare le Suole delle Scarpe. infinite Combinazioni. Ma che C'Azzecca...! Qualità e Territorio. Un Colosso dell'Informazione. che Sia la Volta Buona? | ||
| 650 | _aGENERI TELEVISIVI | ||
| 650 | _eCodice materia Spics: 6960 | ||
| 942 | _cBK | ||
| 957 | _71 | ||
| 999 |
_c84858 _d84858 |
||
| 999 | _g1 | ||